Middle Eastern Capitals Quiz Stats

 Plays Quiz not verified by Sporcle

Challenge
Share
Tweet
Score 0/17 Timer 20:00
0 Plays Today
% Correct
Kuwait City
88.2%
Jerusalem
87.6%
Cairo
85.8%
Tehran
85.8%
San'a
84%
Kabul
83.4%
Abu Dhabi
82.8%
Ankara
80.5%
Baghdad
80.5%
% Correct
Muscat
80.5%
Manama
79.9%
Nicosia
78.7%
Doha
77.5%
Damascus
76.3%
Amman
75.1%
Beirut
70.4%
Riyadh
68.6%

You're not logged in!

Compare scores with friends on all Sporcle quizzes.
Join for Free
OR
Log In

You Might Also Like...

Show Comments

Extras

Top Quizzes Today


Score Distribution

Your Account Isn't Verified!

In order to create a playlist on Sporcle, you need to verify the email address you used during registration. Go to your Sporcle Settings to finish the process.

Report this User

Report this user for behavior that violates our Community Guidelines.

Details: